| 000 | 00825nam a22002657i 4500 | ||
|---|---|---|---|
| 003 | EG-ScBUE | ||
| 005 | 20260330095410.0 | ||
| 008 | 171121s2004 nyua f d 000 0 eng d | ||
| 020 | _a9780198609445 | ||
| 020 | _a0198609442 | ||
| 040 |
_aEG-ScBUE _beng _erda _cEG-ScBUE _dEG-ScBUE |
||
| 082 | 0 | 4 |
_a590.3 _bDIC _222 |
| 245 | 0 | 2 |
_aA dictionary of ecology / _cedited by Michael Allaby. |
| 246 | 3 | 4 | _aOxford dictionary of ecology |
| 250 | _aSecond edition. | ||
| 264 | 1 |
_aNew York : _bOxford University Press, _c2004. |
|
| 300 |
_a440 pages : _billustrations ; _c20 cm |
||
| 336 |
_2rdacontent _atext _btxt |
||
| 337 |
_aunmediated _2rdamedia _bn |
||
| 338 |
_avolume _bnc _2rdacarrier |
||
| 650 | 7 |
_aEcology _vDictionaries. _2BUEsh |
|
| 655 | _vReading book | ||
| 700 | 1 |
_aAllaby, Michael, _eeditor. _96727 |
|
| 942 |
_2ddc _cBB |
||
| 999 |
_c25633 _d25605 |
||